| 000 | 00568nam a2200181 i 4500 | ||
|---|---|---|---|
| 001 | 79210 | ||
| 003 | ES-MaACL | ||
| 005 | 20230906173928.0 | ||
| 007 | t| | ||
| 008 | 041020s1966 sp r |||| | spa d | ||
| 100 | 1 |
_aHeredia, Salvador. _962694 |
|
| 245 | 1 | 0 |
_aGuía taurina _b: directorio profesional del mundo de los toros / _cautores, Salvador Heredia y Pedro Fraile. |
| 260 |
_a[Madrid : _bPentágono], _c1966. |
||
| 300 |
_a1 v. ; _c21 cm. |
||
| 650 | 4 |
_aCorridas de toros- _vDirectorios. _9163256 |
|
| 700 | 1 |
_aFraile, Pedro. _952104 |
|
| 852 |
_aES-MaACL _jC-30502 |
||
| 999 |
_c79210 _d79210 |
||